|
|
|
|
| LEADER |
02513nam a2200325 a 4500 |
| 001 |
29581 |
| 003 |
BD-DhAAL |
| 005 |
20150804104335.0 |
| 008 |
150803s2007 caua b 001 0 eng |
| 010 |
|
|
|a 2006033436
|
| 020 |
|
|
|a 9780787982423 (cloth)
|
| 020 |
|
|
|a 0787982423 (cloth)
|
| 040 |
|
|
|a DLC
|c DLC
|d BAKER
|d C#P
|d YDX
|d BTCTA
|d YDXCP
|d IXA
|d DLC
|d BD-DhAAL
|
| 050 |
0 |
0 |
|a HF5549.5.S38
|b A45 2007
|
| 082 |
0 |
0 |
|a 658.3/112
|2 22
|
| 245 |
0 |
0 |
|a Alternative validation strategies :
|b developing new and leveraging existing validity evidence /
|c S. Morton McPhail, editor ; foreword by Allan H. Church and Janine Waclawski.
|
| 250 |
|
|
|a 1st ed.
|
| 260 |
|
|
|a San Francisco :
|b Jossey-Bass,
|c c2007.
|
| 300 |
|
|
|a xxxi, 447 p. :
|b ill. ;
|c 24 cm.
|
| 490 |
|
|
|a The professional practice series
|
| 500 |
|
|
|a Includes bibliographical references and indexes.
|
| 505 |
0 |
|
|a Development of validation evidence / S. Morton McPhail -- Applying existing validity evidence -- Transportation of validation results / Wade M. Gibson and Julie A. Caplinger -- Job component validity: background, current research, and applications / Calvin C. Hoffman, Boris Rashkovsky, and Erika D'Egidio -- Synthetic validity: a technique of use (finally) / Jeff W. Johnson -- Validity generalization as a test validation approach / Michael A. McDaniel -- Generalizing personality-based validity evidence / Joyce Hogan, Scott Davies, and Robert Hogan -- Developing new evidence for validity -- Consortium studies / Nancy T. Tippins and William H. Macey -- Application of content validation methods to broader constructs / Damian J. Stelly and Harold Goldstein -- Practical construct validation for personnel selection / Timothy E. Landon and Richard D. Arvey -- Implementation -- Implementation based on alternate validation procedures: ranking, cut scores, banding, and compensatory models / Lorin Mueller, Dwayne Norris, and Scott Oppler -- Where do we go from here? -- The validation of personnel decisions in the twenty-first century: back to the future / Frank J. Landy.
|
| 541 |
|
|
|e 29581
|
| 650 |
|
0 |
|a Employee selection.
|9 8932
|
| 650 |
|
0 |
|a Employment tests.
|9 13488
|
| 650 |
|
0 |
|a Prediction of occupational success.
|9 13489
|
| 700 |
1 |
|
|a McPhail, S. Morton.
|9 13490
|
| 942 |
|
|
|2 ddc
|c BK
|
| 999 |
|
|
|c 35142
|d 35142
|
| 952 |
|
|
|0 0
|1 0
|2 ddc
|4 0
|6 658_311200000000000_ALT
|7 0
|9 55092
|a BRACUL
|b BRACUL
|c GEN
|d 2015-08-04
|e BRAC Institute of Language (BIL)
|l 0
|o 658.3112 ALT
|p 3010029581
|r 2015-08-04
|t 1
|w 2015-08-04
|y BK
|x Transferred from BIL to BRACUL on 06/06/22
|